| 000 | 00776nam a2200217 a 4500 | ||
|---|---|---|---|
| 005 | 20241105063721.0 | ||
| 008 | 991125s1988 mx 000 0 spa u | ||
| 020 | _a9687165243 | ||
| 035 | _aUPN01000006291 | ||
| 049 | _aCG | ||
| 050 | 4 |
_aLC213.3 A44 _bC36 |
|
| 245 | 0 | 0 |
_aCalidad, equidad y eficiencia de la educación primaria : _bestado actual de las investigaciones realizadas en América Latina / _ced. Carlos Muñoz Izquierdo. |
| 260 |
_aMéxico : _bCEE, _c1988. |
||
| 300 | _a299 p. | ||
| 500 | _aFotocopia | ||
| 650 | 2 |
_aOportunidades educativas _96425 |
|
| 650 | 2 |
_aEducación _xAspectos sociales _zAmérica Latina _97142 |
|
| 650 | 0 |
_aEducación _xInvestigación _zAmérica Latina _916986 |
|
| 700 | 1 |
_aMuñoz Izquierdo, Carlos, _d1937- _eed. _929402 |
|
| 905 | _aLibro | ||
| 999 |
_c6291 _d6291 |
||